000 00535nam a2200193Ia 4500
999 _c14341
_d14341
003 OSt
005 20210127123426.0
008 190216s9999||||xx |||||||||||||| ||und||
020 _a9780070499515
040 _coclc
082 _a153.43
_bTHO/T
100 _aThorpe, Edgar
_96395
245 0 _aTest Of Reasoning /
_cEdgar Thorpe
250 _a3rd Ed.
260 _bTata Mcgrawhill Publishers,
_aNew Delhi:
_c2006.
300 _a644p
650 _aEnglish
942 _cREF
_2ddc
_h153.43
_iTHO/T
_k153.43
_mTHO/T